[Event "DVM U12 2022"]
[Site "München GER"]
[Date "2022.12.27"]
[Round "2"]
[White "Kaushal, Vedarth"]
[Black "Hahn, Julian"]
[Result "1-0"]
[Termination "normal"]
[Board "4.4"]
[WhiteElo "1139"]
[BlackElo "1214"]
[WhiteClock "00:45:48"]
[BlackClock "00:21:49"]
[WhiteTeam "SF München"]
[BlackTeam "SG Kaiserslautern 1905"]
[PlyCount "97"]
[WhiteFideId "34631135"]
[BlackFideId "34640436"]
[EventCountry "GER"]
[EventRounds "7"]
[EventType "team-swiss"]
[EventDate "2022.12.26"]

1. e4 {[%clk 01:30:59]} e5 {[%clk 01:30:54]} {[%emt 00:00:07]} 2. Nf3 {[%clk
01:31:25]} {[%emt 00:00:04]} Nc6 {[%clk 01:31:19]} {[%emt 00:00:04]} 3. Bc4
{[%clk 01:31:45]} {[%emt 00:00:09]} Bc5 {[%clk 01:31:36]} {[%emt 00:00:14]} 4.
c3 {[%clk 01:32:04]} {[%emt 00:00:11]} d6 {[%clk 01:29:53]} {[%emt 00:02:13]}
5. d3 {[%clk 01:32:03]} {[%emt 00:00:30]} Bg4 {[%clk 01:29:00]} {[%emt
00:01:24]} 6. Nbd2 {[%clk 01:32:01]} {[%emt 00:00:32]} Na5 {[%clk 01:25:38]}
{[%emt 00:03:52]} 7. Bb5 {[%clk 01:32:13]} {[%emt 00:00:17]} c6 {[%clk
01:24:45]} {[%emt 00:01:24]} 8. Ba4 {[%clk 01:30:24]} {[%emt 00:02:17]} b5
{[%clk 01:23:34]} {[%emt 00:01:43]} 9. Bc2 {[%clk 01:30:15]} {[%emt 00:00:39]}
Nb7 {[%clk 01:20:12]} {[%emt 00:03:52]} 10. h3 {[%clk 01:29:47]} {[%emt
00:00:58]} Bh5 {[%clk 01:18:55]} {[%emt 00:01:47]} 11. Nf1 {[%clk 01:25:44]}
{[%emt 00:04:33]} a5 {[%clk 01:10:34]} {[%emt 00:08:51]} 12. g4 {[%clk
01:24:25]} {[%emt 00:01:49]} Bg6 {[%clk 01:10:04]} {[%emt 00:01:00]} 13. h4
{[%clk 01:21:35]} {[%emt 00:03:20]} f6 {[%clk 01:06:37]} {[%emt 00:03:57]} 14.
h5 {[%clk 01:20:58]} {[%emt 00:01:08]} Bf7 {[%clk 01:06:47]} {[%emt 00:00:20]}
15. Ng3 {[%clk 01:21:05]} {[%emt 00:00:23]} Be6 {[%clk 00:59:43]} {[%emt
00:07:34]} 16. Nf5 {[%clk 01:20:20]} {[%emt 00:01:15]} Bxf5 {[%clk 00:59:11]}
{[%emt 00:01:01]} 17. gxf5 {[%clk 01:20:30]} {[%emt 00:00:20]} Ne7 {[%clk
00:55:05]} {[%emt 00:04:36]} 18. d4 {[%clk 01:14:04]} {[%emt 00:06:55]} Bb6
{[%clk 00:52:24]} {[%emt 00:03:12]} 19. dxe5 {[%clk 01:12:40]} {[%emt
00:01:54]} dxe5 {[%clk 00:52:10]} {[%emt 00:00:44]} 20. Qxd8 {[%clk 01:12:24]}
{[%emt 00:00:46]} Rxd8 {[%clk 00:52:23]} {[%emt 00:00:17]} 21. Rg1 {[%clk
01:11:17]} {[%emt 00:01:37]} Kf7 {[%clk 00:50:24]} {[%emt 00:02:29]} 22. h6
{[%clk 01:09:31]} {[%emt 00:02:17]} gxh6 {[%clk 00:49:30]} {[%emt 00:01:23]}
23. Bxh6 {[%clk 01:09:08]} {[%emt 00:00:52]} Rhg8 {[%clk 00:49:44]} {[%emt
00:00:17]} 24. Bb3 {[%clk 01:09:19]} {[%emt 00:00:19]} Nd5 {[%clk 00:48:03]}
{[%emt 00:02:12]} 25. Rxg8 {[%clk 01:08:08]} {[%emt 00:01:41]} Kxg8 {[%clk
00:46:48]} {[%emt 00:01:44]} 26. exd5 {[%clk 01:08:03]} {[%emt 00:00:35]} cxd5
{[%clk 00:46:01]} {[%emt 00:01:17]} 27. O-O-O {[%clk 01:05:57]} {[%emt
00:02:36]} Kh8 {[%clk 00:45:16]} {[%emt 00:01:16]} 28. Rg1 {[%clk 01:05:24]}
{[%emt 00:01:03]} Rd7 {[%clk 00:43:59]} {[%emt 00:01:47]} 29. Rg2 {[%clk
01:02:45]} {[%emt 00:03:08]} a4 {[%clk 00:38:10]} {[%emt 00:06:19]} 30. Bc2
{[%clk 01:01:36]} {[%emt 00:01:38]} d4 {[%clk 00:37:42]} {[%emt 00:00:59]} 31.
cxd4 {[%clk 00:54:57]} {[%emt 00:07:09]} exd4 {[%clk 00:37:31]} {[%emt
00:00:41]} 32. Bd3 {[%clk 00:54:40]} {[%emt 00:00:46]} Nd6 {[%clk 00:32:31]}
{[%emt 00:05:31]} 33. Rg4 {[%clk 00:52:40]} {[%emt 00:02:30]} Nc4 {[%clk
00:31:22]} {[%emt 00:01:39]} 34. b3 {[%clk 00:50:11]} {[%emt 00:02:58]} Ne5
{[%clk 00:30:58]} {[%emt 00:00:55]} 35. Nxe5 {[%clk 00:49:07]} {[%emt
00:01:33]} fxe5 {[%clk 00:31:13]} {[%emt 00:00:16]} 36. Bxb5 {[%clk 00:48:49]}
{[%emt 00:00:46]} Rc7 {[%clk 00:23:14]} {[%emt 00:08:30]} 37. Bc4 {[%clk
00:48:53]} {[%emt 00:00:26]} Rxc4 {[%clk 00:21:11]} {[%emt 00:02:33]} 38. bxc4
{[%clk 00:48:52]} {[%emt 00:00:31]} d3 {[%clk 00:21:19]} {[%emt 00:00:22]} 39.
Bg7 {[%clk 00:47:44]} {[%emt 00:01:38]} Kg8 {[%clk 00:21:37]} {[%emt 00:00:12]}
40. Bxe5 {[%clk 00:47:46]} {[%emt 00:00:27]} Kf7 {[%clk 00:21:57]} {[%emt
00:00:10]} 41. Kd2 {[%clk 00:46:31]} {[%emt 00:01:45]} Bxf2 {[%clk 00:20:45]}
{[%emt 00:01:42]} 42. Kxd3 {[%clk 00:46:42]} {[%emt 00:00:19]} h5 {[%clk
00:21:11]} {[%emt 00:00:05]} 43. Rg7 {[%clk 00:45:42]} {[%emt 00:01:30]} Kf8
{[%clk 00:20:56]} {[%emt 00:00:44]} 44. Rh7 {[%clk 00:45:49]} {[%emt 00:00:22]}
h4 {[%clk 00:21:08]} {[%emt 00:00:19]} 45. Ke2 {[%clk 00:44:50]} {[%emt
00:01:28]} Bg3 {[%clk 00:21:09]} {[%emt 00:00:31]} 46. Bxg3 {[%clk 00:45:01]}
{[%emt 00:00:17]} hxg3 {[%clk 00:21:34]} {[%emt 00:00:06]} 47. Kf3 {[%clk
00:45:13]} {[%emt 00:00:18]} Kg8 {[%clk 00:21:58]} {[%emt 00:00:06]} 48. Ra7
{[%clk 00:45:32]} {[%emt 00:00:10]} a3 {[%clk 00:21:49]} {[%emt 00:00:39]} 49.
Kxg3 {[%clk 00:45:48]} {[%emt 00:00:14]} 1-0

[Event "DVM U12 2022"]
[Site "München GER"]
[Date "2022.12.27"]
[Round "2"]
[White "Rodriguez Klasen, Ennio"]
[Black "Uyar, Levin"]
[Result "1-0"]
[Termination "normal"]
[Board "5.1"]
[WhiteElo "1365"]
[BlackElo "1573"]
[WhiteClock "00:55:32"]
[BlackClock "00:01:13"]
[WhiteTeam "SV Empor Berlin"]
[BlackTeam "SC Untergrombach 46"]
[PlyCount "57"]
[WhiteFideId "16277414"]
[BlackFideId "16282108"]
[EventCountry "GER"]
[EventRounds "7"]
[EventType "team-swiss"]
[EventDate "2022.12.26"]

1. e4 {[%clk 01:30:41]} {[%emt 00:00:19]} e5 {[%clk 01:30:50]} {[%emt
00:00:09]} 2. d4 {[%clk 01:31:08]} {[%emt 00:00:03]} exd4 {[%clk 01:31:06]}
{[%emt 00:00:14]} 3. Qxd4 {[%clk 01:31:32]} {[%emt 00:00:07]} Nc6 {[%clk
01:30:57]} {[%emt 00:00:39]} 4. Qe3 {[%emt 00:11:07]} b6 {[%clk 01:06:04]}
{[%emt 00:14:20]} 5. Nc3 {[%clk 01:32:16]} {[%emt 00:00:12]} Bc5 {[%clk
01:03:19]} {[%emt 00:03:15]} 6. Qg3 {[%clk 01:32:34]} {[%emt 00:00:12]} Nf6
{[%clk 00:53:36]} {[%emt 00:10:12]} 7. Bd2 {[%clk 01:27:52]} {[%emt 00:05:12]}
Qe7 {[%clk 00:38:58]} {[%emt 00:15:08]} 8. O-O-O {[%clk 01:27:31]} {[%emt
00:00:51]} Bd6 {[%clk 00:27:55]} {[%emt 00:11:33]} 9. f4 {[%clk 01:22:08]}
{[%emt 00:05:54]} Nh5 {[%clk 00:24:26]} {[%emt 00:03:58]} 10. Qf3 {[%clk
01:22:01]} {[%emt 00:00:38]} g6 {[%clk 00:23:28]} {[%emt 00:01:28]} 11. g4
{[%clk 01:20:04]} {[%emt 00:02:27]} Ng7 {[%clk 00:20:24]} {[%emt 00:03:33]} 12.
e5 {[%clk 01:17:56]} {[%emt 00:02:38]} Bc5 {[%clk 00:20:14]} {[%emt 00:00:28]}
13. Nd5 {[%clk 01:17:44]} {[%emt 00:00:54]} Qd8 {[%clk 00:19:50]} {[%emt
00:00:53]} 14. Nf6 {[%clk 01:17:26]} {[%emt 00:00:50]} Kf8 {[%clk 00:19:45]}
{[%emt 00:00:34]} 15. Be1 {[%clk 01:16:59]} {[%emt 00:00:58]} Ne6 {[%clk
00:13:19]} {[%emt 00:06:56]} 16. Bh4 {[%clk 01:16:50]} {[%emt 00:00:39]} Be7
{[%clk 00:11:01]} {[%emt 00:02:47]} 17. Bc4 {[%clk 01:10:56]} {[%emt 00:06:25]}
Rb8 {[%clk 00:06:26]} {[%emt 00:05:04]} 18. Ne2 {[%clk 01:09:41]} {[%emt
00:01:45]} h6 {[%clk 00:00:56]} {[%emt 00:06:00]} 19. Qe4 {[%clk 01:05:28]}
{[%emt 00:04:44]} Kg7 {[%clk 00:00:48]} {[%emt 00:00:37]} 20. f5 {[%clk
01:04:02]} {[%emt 00:01:57]} Nc5 {[%clk 00:00:34]} {[%emt 00:00:43]} 21. Qd5
{[%clk 01:04:11]} {[%emt 00:00:21]} Rf8 {[%clk 00:00:40]} {[%emt 00:00:23]} 22.
g5 {[%clk 00:58:49]} {[%emt 00:05:53]} h5 {[%clk 00:00:48]} {[%emt 00:00:22]}
23. Nf4 {[%clk 00:58:15]} {[%emt 00:01:04]} Bxf6 {[%clk 00:00:36]} {[%emt
00:00:42]} 24. gxf6 {[%clk 00:58:09]} {[%emt 00:00:36]} Kh7 {[%clk 00:00:44]}
{[%emt 00:00:23]} 25. Nxg6 {[%clk 00:54:11]} {[%emt 00:04:28]} fxg6 {[%clk
00:00:51]} {[%emt 00:00:22]} 26. fxg6 {[%clk 00:54:35]} {[%emt 00:00:06]} Kxg6
{[%clk 00:01:05]} {[%emt 00:00:16]} 27. Rhg1 {[%clk 00:54:49]} {[%emt
00:00:16]} Kh7 {[%clk 00:00:51]} {[%emt 00:00:44]} 28. Rg7 {[%clk 00:55:14]}
{[%emt 00:00:05]} Kh8 {[%clk 00:01:13]} {[%emt 00:00:08]} 29. Qd2 {[%clk
00:55:32]} {[%emt 00:00:13]} 1-0

[Event "DVM U12 2022"]
[Site "München GER"]
[Date "2022.12.27"]
[Round "2"]
[White "Jung, Niklas"]
[Black "Müller, Anker"]
[Result "1-0"]
[Termination "normal"]
[Board "5.2"]
[WhiteElo "1426"]
[BlackElo "1509"]
[WhiteClock "00:28:32"]
[BlackClock "00:57:04"]
[WhiteTeam "SC Untergrombach 46"]
[BlackTeam "SV Empor Berlin"]
[PlyCount "113"]
[WhiteFideId "16280601"]
[BlackFideId "1472070"]
[EventCountry "GER"]
[EventRounds "7"]
[EventType "team-swiss"]
[EventDate "2022.12.26"]

1. e4 {[%clk 01:30:54]} {[%emt 00:00:05]} c6 {[%clk 01:30:58]} {[%emt
00:00:03]} 2. d4 {[%clk 01:31:15]} {[%emt 00:00:08]} d5 {[%clk 01:31:26]}
{[%emt 00:00:02]} 3. exd5 {[%clk 01:31:36]} {[%emt 00:00:08]} cxd5 {[%clk
01:31:55]} 4. Bd3 {[%clk 01:31:50]} {[%emt 00:00:16]} Nc6 {[%clk 01:32:18]}
{[%emt 00:00:08]} 5. c3 {[%clk 01:32:13]} {[%emt 00:00:07]} Nf6 {[%clk
01:32:43]} {[%emt 00:00:04]} 6. Bf4 {[%clk 01:32:23]} {[%emt 00:00:20]} Bg4
{[%clk 01:32:13]} {[%emt 00:01:00]} 7. Qb3 {[%clk 01:29:33]} {[%emt 00:03:19]}
Qd7 {[%clk 01:32:33]} {[%emt 00:00:12]} 8. Nd2 {[%clk 01:29:24]} {[%emt
00:00:38]} e6 {[%clk 01:32:38]} {[%emt 00:00:25]} 9. Ngf3 {[%clk 01:29:26]}
{[%emt 00:00:27]} Bd6 {[%clk 01:31:03]} {[%emt 00:02:05]} 10. Bxd6 {[%clk
01:29:40]} {[%emt 00:00:16]} Qxd6 {[%clk 01:31:28]} {[%emt 00:00:06]} 11. O-O
{[%clk 01:29:36]} {[%emt 00:00:34]} O-O {[%clk 01:31:47]} {[%emt 00:00:11]} 12.
Rae1 {[%clk 01:26:29]} {[%emt 00:03:37]} Bxf3 {[%clk 01:26:23]} {[%emt
00:05:54]} 13. Nxf3 {[%clk 01:26:24]} {[%emt 00:00:34]} Nh5 {[%clk 01:23:42]}
{[%emt 00:03:11]} 14. g3 {[%clk 01:19:21]} {[%emt 00:07:33]} f6 {[%clk
01:20:25]} {[%emt 00:03:47]} 15. Bb1 {[%clk 01:08:12]} {[%emt 00:11:39]} e5
{[%clk 01:18:58]} {[%emt 00:01:57]} 16. Qc2 {[%clk 00:48:17]} {[%emt 00:20:25]}
e4 {[%clk 01:18:07]} {[%emt 00:01:21]} 17. Nh4 {[%clk 00:48:09]} {[%emt
00:00:38]} g5 {[%clk 01:15:57]} {[%emt 00:02:41]} 18. Nf5 {[%clk 00:43:44]}
{[%emt 00:04:52]} Qd7 {[%clk 01:16:10]} {[%emt 00:00:19]} 19. Ne3 {[%clk
00:43:27]} {[%emt 00:00:46]} f5 {[%clk 01:15:30]} {[%emt 00:01:09]} 20. Qe2
{[%clk 00:40:22]} {[%emt 00:03:31]} Ng7 {[%clk 01:09:12]} {[%emt 00:06:53]} 21.
Bc2 {[%clk 00:25:07]} {[%emt 00:15:47]} f4 {[%clk 01:08:08]} {[%emt 00:01:33]}
22. Qg4 {[%clk 00:24:03]} {[%emt 00:01:34]} Qxg4 {[%clk 01:06:42]} {[%emt
00:01:57]} 23. Nxg4 {[%clk 00:24:18]} {[%emt 00:00:14]} h5 {[%clk 01:06:55]}
{[%emt 00:00:18]} 24. Ne5 {[%clk 00:23:42]} {[%emt 00:01:06]} Nxe5 {[%clk
01:06:53]} {[%emt 00:00:32]} 25. dxe5 {[%clk 00:24:09]} {[%emt 00:00:04]} Rae8
{[%clk 01:06:58]} {[%emt 00:00:25]} 26. Bb3 {[%clk 00:22:58]} {[%emt 00:01:42]}
Rxe5 {[%clk 01:07:10]} {[%emt 00:00:18]} 27. Rd1 {[%clk 00:18:10]} {[%emt
00:05:18]} Rd8 {[%clk 01:05:28]} {[%emt 00:02:11]} 28. Rd2 {[%clk 00:16:43]}
{[%emt 00:01:56]} Nf5 {[%clk 00:53:15]} {[%emt 00:12:44]} 29. Rfd1 {[%clk
00:14:08]} {[%emt 00:03:02]} e3 {[%clk 00:51:28]} {[%emt 00:02:21]} 30. Rxd5
{[%clk 00:10:40]} {[%emt 00:03:57]} Rdxd5 {[%clk 00:49:30]} {[%emt 00:02:29]}
31. Rxd5 {[%clk 00:10:25]} {[%emt 00:00:46]} Rxd5 {[%clk 00:48:35]} {[%emt
00:01:25]} 32. Bxd5 {[%clk 00:10:46]} {[%emt 00:00:08]} Kf8 {[%clk 00:47:38]}
{[%emt 00:01:27]} 33. fxe3 {[%clk 00:09:32]} {[%emt 00:01:45]} fxg3 {[%clk
00:46:02]} {[%emt 00:02:05]} 34. hxg3 {[%clk 00:07:44]} {[%emt 00:02:18]} Nxe3
{[%clk 00:36:30]} {[%emt 00:10:02]} 35. Bxb7 {[%clk 00:07:44]} {[%emt
00:00:29]} Nd1 {[%clk 00:36:52]} {[%emt 00:00:09]} 36. Bf3 {[%clk 00:05:20]}
{[%emt 00:02:49]} Nxb2 {[%clk 00:36:32]} {[%emt 00:00:55]} 37. Bxh5 {[%clk
00:05:26]} {[%emt 00:00:24]} Na4 {[%clk 00:35:03]} {[%emt 00:01:59]} 38. c4
{[%clk 00:05:03]} {[%emt 00:00:52]} Nc3 {[%clk 00:34:39]} {[%emt 00:00:55]} 39.
a3 {[%clk 00:03:44]} {[%emt 00:01:49]} Ke7 {[%clk 00:34:43]} {[%emt 00:00:25]}
40. Kg2 {[%clk 00:02:02]} {[%emt 00:02:11]} Kd6 {[%clk 00:34:36]} {[%emt
00:00:38]} 41. Kf3 {[%clk 00:02:09]} {[%emt 00:00:23]} Kc5 {[%clk 00:33:55]}
{[%emt 00:01:11]} 42. Bf7 {[%clk 00:02:13]} {[%emt 00:00:25]} Nb1 {[%clk
00:33:58]} {[%emt 00:00:27]} 43. a4 {[%clk 00:01:05]} {[%emt 00:01:39]} Nd2
{[%clk 00:33:47]} {[%emt 00:00:40]} 44. Kg4 {[%clk 00:01:06]} {[%emt 00:00:29]}
Nxc4 {[%clk 00:32:22]} {[%emt 00:01:56]} 45. Bxc4 {[%clk 00:01:18]} {[%emt
00:00:17]} Kxc4 {[%clk 00:32:37]} {[%emt 00:00:15]} 46. Kxg5 {[%clk 00:01:43]}
{[%emt 00:00:04]} Kb4 {[%clk 00:33:00]} {[%emt 00:00:08]} 47. Kf5 {[%clk
00:01:08]} {[%emt 00:01:05]} Kxa4 {[%clk 00:31:59]} {[%emt 00:01:31]} 48. g4
{[%clk 00:01:29]} {[%emt 00:00:10]} a5 {[%clk 00:31:45]} {[%emt 00:00:44]} 49.
g5 {[%clk 00:01:56]} {[%emt 00:00:03]} Kb3 {[%clk 00:31:42]} {[%emt 00:00:33]}
50. g6 {[%clk 00:02:16]} {[%emt 00:00:09]} a4 {[%clk 00:32:02]} {[%emt
00:00:11]} 51. g7 {[%clk 00:02:25]} {[%emt 00:00:20]} a3 {[%clk 00:32:22]}
{[%emt 00:00:10]} 52. g8=Q {[%clk 00:02:45]} {[%emt 00:00:11]} Kb2 {[%clk
00:32:50]} {[%emt 00:00:02]} 53. Qb8 {[%clk 00:28:44]} {[%emt 00:04:52]} Ka1
{[%clk 01:01:33]} {[%emt 00:02:25]} 54. Qc7 {[%clk 00:28:08]} {[%emt 00:01:04]}
Kb2 {[%clk 01:00:07]} {[%emt 00:01:59]} 55. Qb6 {[%clk 00:28:23]} {[%emt
00:00:14]} Ka1 {[%clk 00:57:08]} {[%emt 00:03:30]} 56. Qc5 {[%clk 00:28:32]}
{[%emt 00:00:20]} a2 {[%clk 00:57:04]} {[%emt 00:00:34]} 57. Qc1# {[%emt
00:00:14]} 1-0

[Event "DVM U12 2022"]
[Site "München GER"]
[Date "2022.12.27"]
[Round "2"]
[White "Tritschler, Marek"]
[Black "Jankowski, Antoni"]
[Result "0-1"]
[Termination "normal"]
[Board "5.4"]
[WhiteElo "997"]
[BlackElo "1119"]
[WhiteClock "01:30:02"]
[BlackClock "00:58:57"]
[WhiteTeam "SC Untergrombach 46"]
[BlackTeam "SV Empor Berlin"]
[PlyCount "116"]
[WhiteFideId "34640550"]
[BlackFideId "21076642"]
[EventCountry "GER"]
[EventRounds "7"]
[EventType "team-swiss"]
[EventDate "2022.12.26"]

1. e4 {[%clk 01:30:51]} {[%emt 00:00:02]} c6 {[%clk 01:30:59]} {[%emt
00:00:09]} 2. d4 {[%clk 01:31:12]} {[%emt 00:00:08]} d5 {[%clk 01:31:28]}
{[%emt 00:00:01]} 3. exd5 {[%clk 01:31:34]} {[%emt 00:00:08]} cxd5 {[%clk
01:31:57]} {[%emt 00:00:02]} 4. c3 {[%clk 01:31:39]} {[%emt 00:00:25]} Nc6
{[%clk 01:32:18]} {[%emt 00:00:09]} 5. Bf4 {[%clk 01:31:58]} {[%emt 00:00:10]}
Nf6 {[%clk 01:32:41]} {[%emt 00:00:07]} 6. Nd2 {[%clk 01:32:20]} {[%emt
00:00:08]} Bf5 {[%clk 01:32:56]} {[%emt 00:00:15]} 7. Ngf3 {[%clk 01:32:20]}
{[%emt 00:00:31]} e6 {[%clk 01:33:11]} {[%emt 00:00:15]} 8. Bb5 {[%clk
01:32:25]} {[%emt 00:00:24]} a6 {[%clk 01:33:12]} {[%emt 00:00:29]} 9. Ba4
{[%clk 01:32:42]} {[%emt 00:00:13]} b5 {[%clk 01:33:07]} {[%emt 00:00:36]} 10.
Bc2 {[%clk 01:32:55]} {[%emt 00:00:16]} Bxc2 {[%clk 01:33:05]} {[%emt
00:00:31]} 11. Qxc2 {[%clk 01:32:54]} {[%emt 00:00:08]} Be7 {[%clk 01:33:04]}
{[%emt 00:00:56]} 12. O-O {[%clk 01:32:53]} {[%emt 00:00:14]} O-O {[%clk
01:33:14]} {[%emt 00:00:37]} 13. Rfe1 {[%clk 01:33:09]} {[%emt 00:00:13]} b4
{[%clk 01:32:34]} {[%emt 00:01:11]} 14. Ne5 {[%clk 01:32:14]} {[%emt 00:01:25]}
Rc8 {[%clk 01:31:39]} {[%emt 00:01:24]} 15. Ndf3 {[%clk 01:32:26]} {[%emt
00:00:19]} bxc3 {[%clk 01:31:07]} {[%emt 00:01:02]} 16. bxc3 {[%clk 01:32:45]}
{[%emt 00:00:11]} Ne4 {[%clk 01:29:33]} {[%emt 00:02:04]} 17. Nxc6 {[%clk
01:31:58]} {[%emt 00:01:17]} Rxc6 {[%clk 01:29:51]} {[%emt 00:00:13]} 18. Ne5
{[%clk 01:32:17]} {[%emt 00:00:09]} Rxc3 {[%clk 01:29:21]} {[%emt 00:01:00]}
19. Qe2 {[%clk 01:32:29]} {[%emt 00:00:17]} f6 {[%clk 01:25:25]} {[%emt
00:04:27]} 20. Ng4 {[%clk 01:29:40]} {[%emt 00:00:44]} Rc6 {[%clk 01:25:53]}
21. Rac1 {[%clk 01:29:51]} {[%emt 00:02:55]} Qb6 {[%clk 01:25:16]} {[%emt
00:01:07]} 22. f3 {[%clk 01:29:51]} {[%emt 00:00:30]} Nc3 {[%clk 01:20:54]}
{[%emt 00:04:53]} 23. Qd2 {[%clk 01:29:32]} {[%emt 00:00:42]} Bb4 {[%clk
01:20:34]} {[%emt 00:00:57]} 24. Qf2 {[%clk 01:29:21]} {[%emt 00:00:40]} Rfc8
{[%clk 01:04:32]} {[%emt 00:16:33]} 25. Rc2 {[%clk 01:28:36]} {[%emt 00:01:14]}
Rc4 {[%clk 01:04:09]} {[%emt 00:00:53]} 26. Be3 {[%clk 01:28:44]} {[%emt
00:00:22]} Nb5 {[%clk 01:03:45]} {[%emt 00:00:55]} 27. Rec1 {[%clk 01:28:19]}
{[%emt 00:00:54]} Rxc2 {[%clk 01:01:22]} {[%emt 00:02:54]} 28. Rxc2 {[%clk
01:28:33]} {[%emt 00:00:11]} Rxc2 {[%clk 01:01:08]} {[%emt 00:00:49]} 29. Qxc2
{[%clk 01:28:55]} {[%emt 00:00:08]} Nxd4 {[%clk 01:00:39]} {[%emt 00:00:59]}
30. Qc8 {[%clk 01:29:04]} {[%emt 00:00:19]} Bf8 {[%clk 01:00:59]} {[%emt
00:00:11]} 31. Qc3 {[%clk 01:28:38]} {[%emt 00:00:56]} Ne2 {[%clk 00:59:40]}
{[%emt 00:01:50]} 32. Kf2 {[%clk 01:28:43]} {[%emt 00:00:23]} Nxc3 {[%clk
00:57:30]} {[%emt 00:02:42]} 33. Bxb6 {[%clk 01:29:04]} {[%emt 00:00:09]} Nxa2
{[%clk 00:57:31]} {[%emt 00:00:29]} 34. Ke3 {[%clk 01:29:25]} {[%emt 00:00:08]}
e5 {[%clk 00:57:40]} {[%emt 00:00:21]} 35. f4 {[%clk 01:29:12]} {[%emt
00:00:43]} Bd6 {[%clk 00:57:28]} {[%emt 00:00:42]} 36. g3 {[%clk 01:28:54]}
{[%emt 00:00:49]} Kf7 {[%clk 00:57:24]} {[%emt 00:00:33]} 37. Nf2 {[%clk
01:28:03]} {[%emt 00:01:20]} Ke6 {[%clk 00:57:22]} {[%emt 00:00:32]} 38. Nd3
{[%clk 01:28:10]} {[%emt 00:00:24]} Nb4 {[%clk 00:57:05]} {[%emt 00:00:47]} 39.
Nxb4 {[%clk 01:28:19]} {[%emt 00:00:21]} Bxb4 {[%clk 00:57:33]} {[%emt
00:00:01]} 40. Bc7 {[%clk 01:28:32]} {[%emt 00:00:17]} Bc5 {[%clk 00:57:40]}
{[%emt 00:00:24]} 41. Kf3 {[%clk 01:28:43]} {[%emt 00:00:18]} e4 {[%clk
00:56:28]} {[%emt 00:01:43]} 42. Ke2 {[%clk 01:29:04]} {[%emt 00:00:08]} d4
{[%clk 00:56:33]} {[%emt 00:00:26]} 43. Ba5 {[%clk 01:29:07]} {[%emt 00:00:26]}
Kf5 {[%clk 00:56:10]} {[%emt 00:00:53]} 44. h3 {[%clk 01:28:54]} {[%emt
00:00:43]} g5 {[%clk 00:56:14]} {[%emt 00:00:26]} 45. fxg5 {[%clk 01:29:15]}
{[%emt 00:00:09]} fxg5 {[%clk 00:56:39]} {[%emt 00:00:05]} 46. Kd2 {[%clk
01:29:07]} {[%emt 00:00:38]} h5 {[%clk 00:56:44]} {[%emt 00:00:26]} 47. Ke2
{[%clk 01:29:01]} {[%emt 00:00:35]} d3 {[%clk 00:56:39]} {[%emt 00:00:35]} 48.
Kd2 {[%clk 01:29:16]} {[%emt 00:00:16]} Bf2 {[%clk 00:56:58]} {[%emt 00:00:11]}
49. Bc3 {[%clk 01:29:04]} {[%emt 00:00:41]} Bxg3 {[%clk 00:57:18]} {[%emt
00:00:10]} 50. Ke3 {[%clk 01:29:19]} {[%emt 00:00:15]} g4 {[%clk 00:57:20]}
{[%emt 00:00:29]} 51. hxg4 {[%clk 01:29:17]} {[%emt 00:00:31]} hxg4 {[%clk
00:57:47]} {[%emt 00:00:02]} 52. Bb4 {[%clk 01:29:31]} {[%emt 00:00:16]} Bf4
{[%clk 00:58:06]} {[%emt 00:00:11]} 53. Kf2 {[%clk 01:29:33]} {[%emt 00:00:28]}
e3 {[%clk 00:58:22]} {[%emt 00:00:16]} 54. Ke1 {[%clk 01:29:45]} {[%emt
00:00:16]} Ke4 {[%clk 00:58:28]} {[%emt 00:00:25]} 55. Ba5 {[%clk 01:29:43]}
{[%emt 00:00:33]} Kf3 {[%clk 00:58:40]} {[%emt 00:00:17]} 56. Kf1 {[%clk
01:29:37]} {[%emt 00:00:36]} d2 {[%clk 00:58:36]} {[%emt 00:00:34]} 57. Bxd2
{[%clk 01:29:49]} {[%emt 00:00:18]} exd2 {[%clk 00:58:57]} {[%emt 00:00:09]}
58. Kg1 {[%clk 01:30:02]} {[%emt 00:00:10]} d1=Q# {[%emt 00:00:11]} 0-1